000 00404nam a22001457a 4500
999 _c117275
_d117275
005 20200613162605.0
008 200613b2010 ||||| |||| 00| 0 eng
020 _a9789380994598
082 _a321.07 SHR
100 _dShridhar A
245 _aYaarige Prajaprabhutva
260 _aHampi
_bKannada University Prasaranaga
_c2010
650 _vAnarchism - Autonomy
_xDemocracy - India
942 _2ddc
_cIR